00330nam a22001577a 4500003000500000005001700005008000200022020001800024040000600042082001000048100001900058245003600077250000900113260004100122300000900163nust20170224113203.0  a9788131724811 c0 a338.9 aWeil, David N. aEconomic GrowthcWeil, David N. a2nd  aSouth AsiabDorling Kindersleyc2013 a565p